Представление документа в формате MARC21

Поле Инд. ПП Название Значение
Тип записи a
Библиографический уровень m
001 Контрольный номер 5fcd8549ae3946f89c4106d7420c3510
005 Дата корректировки 20221018095458.0
020 a ISBN 978-5-17-149587-9
040 a Служба первич. каталог. НБ ТвГУ
b Код языка каталог. rus
e Правила каталог. PSBO
041 0_ a Код языка текста rus
080 a Индекс УДК 37.018.1
084 a Индекс другой классификации/Индекс ББК Ч490
090 a Полочн. индекс Ч490
x Авторский знак С 60
097 b Оператор Polyakova.IM
100 1_ a Автор Соловейчик Симон Львович
e Роль лиц Автор
245 10 a Заглавие Педагогика для всех
c Ответственность Симон Соловейчик
246 03 a Другая форма заглавия Умный самоучитель психологии
260 c Дата издания 2022
a Место издания Москва
b Издательство АСТ
300 a Объем 413, [1] с.
440 _0 a Серия Умный самоучитель психологии
520 0_ a Аннотация "Педагогика для всех" впервые вышла в середине 80-х годов и сразу стала сенсацией. Автор книги - Симон Соловейчик, знаменитый педагог, писатель, журналист, автор бестселлеров для детей и родителей "Учение с увлечением", "Непрописные истины воспитания", "Час ученичества" - выпустил книгу, отвечающую на вопрос, откуда берутся хорошие дети. Отчего в одинаковых условиях в одних семьях вырастают хорошие дети, а в других плохие? Почему для воспитания детей одной нашей любви недостаточно? "Педагогика для всех" не предписывает, как жить и каким быть: она исследует, при каких обстоятельствах с детьми все будет хорошо, а при каких непременно будут трудности. "Эту книгу необходимо прочесть всем, кто считает: нет более важного дела на земле, чем помочь раскрыться и попробовать помочь стать счастливым собственному ребенку". А. М. Максимов.
653 0_ a Ключевые слова Педагогика
a Ключевые слова Общая педагогика
a Ключевые слова Семейная педагогика
a Ключевые слова Воспитание
a Ключевые слова Семейное воспитание
a Ключевые слова Воспитание в семье
a Ключевые слова Психология педагогики
a Ключевые слова Педагогическая психология
901 t Тип документа m
920 a Оператор Поля
a Оператор Лиси
a Оператор Стро
930 a Новая/Ретро новая
952 c Вид литературы К ру
954 b Дата поступления в ОК 20221010
a Дата поступления на обработку 20221017
c Дата окончания ОНО 20221018